000119757 001__ 119757
000119757 005__ 20221115154456.0
000119757 0247_ $$2doi$$a10.30827/profesorado.v26i2.21293
000119757 0248_ $$2sideral$$a130533
000119757 037__ $$aART-2022-130533
000119757 041__ $$adeu
000119757 100__ $$aTorrelles Montanuy, Àngels
000119757 245__ $$aEducación intercultural en España: Enfoques de los discursos y prácticas en Educación Primaria
000119757 260__ $$c2022
000119757 5060_ $$aAccess copy available to the general public$$fUnrestricted
000119757 5203_ $$aEn España, el desarrollo conceptual de diversidad cultural ha quedado vinculado al fenómeno migratorio. La educación intercultural se presenta como una mirada educativa necesaria, con cierta trayectoria, que favorece propuestas inclusivas en la escuela. Sin embargo, la literatura científica pone de manifiesto el decalaje existente entre los enfoques discursivos presentes en los centros y el desarrollo de la práctica educativa interculturalizada que, en ocasiones, fomentan la segregación y la exclusión del alumnado de origen extranjero. El objetivo de este estudio es conocer los enfoques teóricos y el tipo de prácticas que predominan en los centros educativos de España. La investigación se apoya en un enfoque cuantitativo basado en la suministración de un cuestionario a la dirección de 1730 centros educativos. Los resultados indican que la educación intercultural no es una opción adoptada en la práctica de forma general por las escuelas participantes. Además, se profundiza en los enfoques y prácticas predominantes en los centros que manifestaron seguir una educación interculturalizada, permitiendo concluir que su conceptualización y desarrollo práctico continúan evolucionando. Sin embargo, sigue pendiente el reto de superar la folclorización de las acciones interculturales y que ésta sea una educación que se extienda a todo el alumnado.
000119757 540__ $$9info:eu-repo/semantics/openAccess$$aby-nc-nd$$uhttp://creativecommons.org/licenses/by-nc-nd/3.0/es/
000119757 655_4 $$ainfo:eu-repo/semantics/article$$vinfo:eu-repo/semantics/publishedVersion
000119757 700__ $$aCerviño Abeledo, Irimia
000119757 700__ $$0(orcid)0000-0002-5170-9074$$aLasheras Lalana, Pilar$$uUniversidad de Zaragoza
000119757 7102_ $$14001$$2215$$aUniversidad de Zaragoza$$bDpto. Ciencias de la Educación$$cÁrea Didáctica y Organiz. Esc.
000119757 773__ $$g26, 2 (2022), 367-391$$pProfesorado (Granada)$$tProfesorado$$x1138-414X
000119757 8564_ $$s468349$$uhttps://zaguan.unizar.es/record/119757/files/texto_completo.pdf$$yVersión publicada
000119757 8564_ $$s1727885$$uhttps://zaguan.unizar.es/record/119757/files/texto_completo.jpg?subformat=icon$$xicon$$yVersión publicada
000119757 909CO $$ooai:zaguan.unizar.es:119757$$particulos$$pdriver
000119757 951__ $$a2022-11-15-12:20:44
000119757 980__ $$aARTICLE